000 01378cam a22003733a 4500
001 15015090
003 OSt
005 20140310181619.0
008 910225s1991 nyu 000 1 eng d
010 _a 2007583470
020 _a0671700464 (pbk.)
020 _a9780671700461 (pbk.)
035 _a(OCoLC)ocm23151751
035 _a(OCoLC)23151751
040 _aJJG
_cJJG
_dOCL
_dOCLCQ
_dBAKER
_dBTCTA
_dMNU
_dDLC
042 _alccopycat
050 0 0 _aPZ 7
_b.D621 1999
082 _aFIC
_b D64hb 1999
100 1 _aDixon, Franklin W.
_94201
245 1 0 _aDirty deeds /
_cFranklin W. Dixon.
260 _aNew York :
_bPocket Books,
_cc1991.
300 _a155 p. ;
_c18 cm.
490 1 _aThe Hardy Boys casefiles ;
_vno. 49
500 _a"An Archway paperback."
520 _aA visit to Virginia City and Callie's friend Kerry brings the Hardy boys up against a gang of desperadoes who are out to stop Kerry's father from mining with his new system of extracting gold from old mines.
655 7 _aMystery fiction.
_2gsafd
_94089
655 7 _aYoung adult fiction.
_2lcsh
_93735
710 2 _aCopyright Paperback Collection (Library of Congress)
_5DLC
_9705
800 1 _aDixon, Franklin W.
_tHardy boys casefiles ;
_v49.
_918795
906 _a7
_bcbc
_ccopycat
_d2
_encip
_f20
_gy-genrareb
942 _2lcc
_cBK-FIC
999 _c61
_d61